Villes aléatoires commençant par la lettre C - Statistiques

Statistiques générales
  • Ce quiz a été pris 254 fois
  • Le résultat moyen est 9 sur 15
Statistiques - réponses
Pays C-ville % Correct
Australie Canberra
89%
Danemark Copenhague
89%
Maroc Casablanca
87%
Pologne Cracovie
83%
Allemagne Cologne
77%
États-Unis Chicago
74%
Inde Calcutta
69%
Moldavie Chisinau
67%
Guinée Conakry
63%
France Cannes
55%
Royaume-Uni Cardiff
46%
Benin Cotonou
46%
Colombie Cali
38%
Algerie Constantine
30%
Portugal Coimbra
28%
Aucun quiz correspondant
Distribution des résultats
% des personnes avec chaque résultat
Percentile par nombre de réponses
Votre historique - résultats
Vous n’avez pas pris ce quiz